| 000 | 00345nam a22001337a 4500 | ||
|---|---|---|---|
| 003 | OSt | ||
| 005 | 20231127213721.0 | ||
| 008 | 231127b |||||||| |||| 00| 0 eng d | ||
| 040 | _cCO-JMCR | ||
| 082 |
_aA / _bVIGr |
||
| 100 |
_aViguera Ricardo _eautor _942975 |
||
| 245 |
_aNo habrĂ Dios cuando despertemos / _cRicardo Viguera |
||
| 942 |
_2ddc _cBK |
||
| 999 |
_c30383 _d16767 |
||